Hodnota imania pri zmene právnej formy

Diskusia o problematike vypracovania znaleckého posudku pri zmene právnej formy spoločnosti.Údaje, ktoré obsahuje Rozhodnutie o zmene právnej formy. Pred zmenou a po zmene právnej formy, písomná správa. Paragraf 23 Vyhlášky č. 25/2004 Z.z., ktorou sa ustanovujú vzory tlačív na podávanie návrhov na z...

ver descrição completa

Na minha lista:
Detalhes bibliográficos
Autor principal: Harumová, Anna, 1955-
Formato: Capítulo de Livro
Idioma:eslovaco
Assuntos:
Tags: Adicionar Tag
Sem tags, seja o primeiro a adicionar uma tag!

MARC

LEADER 00000naa$a2200000$$$4500
001 0029751
005 20240502071434.7
041 0 |a slo 
044 |a SK 
245 1 0 |a Hodnota imania pri zmene právnej formy  |c Anna Harumová 
520 |a Diskusia o problematike vypracovania znaleckého posudku pri zmene právnej formy spoločnosti.Údaje, ktoré obsahuje Rozhodnutie o zmene právnej formy. Pred zmenou a po zmene právnej formy, písomná správa. Paragraf 23 Vyhlášky č. 25/2004 Z.z., ktorou sa ustanovujú vzory tlačív na podávanie návrhov na zápis obchodného registra a zoznam listín, ktoré je potrebné k návrhu na zápis priložiť. 
610 2 0 |a posudky znalecké 
610 2 0 |a znalci 
610 2 0 |a zmluvy spoločenské 
610 2 0 |a zmeny organizačné 
610 2 0 |a orgány štatutárne 
610 2 0 |a imanie 
100 1 |a Harumová, Anna, 1955-